MARC details
| 000 -LEADER |
| campo de control de longitud fija |
03423cam a2200469 a 4500 |
| 001 - NÚMERO DE CONTROL |
| campo de control |
85103 |
| 005 - FECHA Y HORA DE LA ÚLTIMA TRANSACCIÓN |
| campo de control |
20230410142347.0 |
| 008 - DATOS DE LONGITUD FIJA--INFORMACIÓN GENERAL |
| campo de control de longitud fija |
080411s2008 maua b 001 0 eng |
| 010 ## - NÚMERO DE CONTROL DE LA BIBLIOTECA DEL CONGRESO |
| Número de control de LC |
2008016924 |
| 035 ## - NÚMERO DE CONTROL DEL SISTEMA |
| Número de control de sistema |
(OCoLC)ocn221175488 |
| 040 ## - FUENTE DE CATALOGACIÓN |
| Centro catalogador/agencia de origen |
DLC |
| Centro/agencia transcriptor |
DLC |
| Centro/agencia modificador |
BTCTA |
| -- |
BAKER |
| -- |
YDXCP |
| -- |
UKM |
| -- |
C#P |
| -- |
BWX |
| -- |
CDX |
| -- |
NNG |
| -- |
VP@ |
| -- |
YBM |
| -- |
NLGGC |
| -- |
ABI |
| -- |
CPE |
| -- |
SGB |
| -- |
CQU |
| -- |
FXR |
| 015 ## - NÚMERO DE BIBLIOGRAFÍA NACIONAL |
| Número de bibliografía nacional |
GBA896078 |
| Fuente |
bnb |
| 016 7# - NÚMERO DE CONTROL DE UNA AGENCIA BIBLIOGRÁFICA NACIONAL |
| Número de control del registro |
014685640 |
| Fuente |
Uk |
| 020 ## - NÚMERO INTERNACIONAL ESTÁNDAR DEL LIBRO |
| Número Internacional Estándar del Libro |
9780674031692 (alk. paper) |
| 020 ## - NÚMERO INTERNACIONAL ESTÁNDAR DEL LIBRO |
| Número Internacional Estándar del Libro |
0674031695 (alk. paper) |
| 035 ## - NÚMERO DE CONTROL DEL SISTEMA |
| Número de control de sistema |
(OCoLC)221175488 |
| 050 14 - SIGNATURA TOPOGRÁFICA DE LA BIBLIOTECA DEL CONGRESO |
| Número de clasificación |
BX 830 |
| Número de ítem |
O54w 2008 |
| 082 00 - NÚMERO DE LA CLASIFICACIÓN DECIMAL DEWEY |
| Número de clasificación |
262/.52 |
| 049 ## - FONDOS LOCALES (OCLC) |
| Biblioteca depositaria |
GRAL |
| 100 1# - ENTRADA PRINCIPAL--NOMBRE DE PERSONA |
| Nombre de persona |
O'Malley, John W. |
| 245 10 - MENCIÓN DEL TÍTULO |
| Título |
What happened at Vatican II / |
| Mención de responsabilidad, etc. |
John W. O'Malley. |
| 246 3# - FORMA VARIANTE DEL TITULO |
| Título propio/Titulo breve |
What happened at Vatican 2 |
| 260 ## - PUBLICACIÓN, DISTRIBUCIÓN, ETC. |
| Lugar de publicación, distribución, etc. |
Cambridge, Mass. : |
| Nombre del editor, distribuidor, etc. |
Belknap Press of Harvard University Press, |
| Fecha de publicación, distribución, etc. |
2008. |
| 300 ## - DESCRIPCIÓN FÍSICA |
| Extensión |
xi, 380 p. : |
| Otras características físicas |
ill. ; |
| Dimensiones |
25 cm. |
| 500 ## - NOTA GENERAL |
| Nota general |
"A Caravan book"--T.p. verso. |
| 504 ## - NOTA DE BIBLIOGRAFÍA, ETC. |
| Nota de bibliografía, etc. |
Includes bibliographical references (p. [333]-372) and index. |
| 505 0# - NOTA DE CONTENIDO CON FORMATO |
| Nota de contenido con formato |
Big perspectives on a big meeting -- The long nineteenth century -- The council opens -- The first period (1962) : the lines are drawn -- The second period (1963) : a majority prevailing -- The third period (1964) : triumphs and tribulations -- The fourth period (1965) : bringing the ship into port. |
| 520 1# - RESUMEN, ETC. |
| Sumario, etc. |
"During four years in session, Vatican Council II held television audiences rapt with its elegant, magnificently choreographed public ceremonies, while its debates generated front-page news on a near-weekly basis. By virtually any assessment, it was the most important religious event of the twentieth century, with repercussions that reached far beyond the Catholic church. Remarkably enough, this is the first book, solidly based on official documentation, to give a brief, readable account of the council from the moment Pope John XXIII announced it on January 25, 1959, until its conclusion on December 8, 1965; and to locate the issues that emerge in this narrative in their contexts, large and small, historical and theological, thereby providing keys for grasping what the council hoped to accomplish." "What Happened at Vatican II captures the drama of the council, depicting the colorful characters involved and their clashes with one another. The book also offers a new set of interpretive categories for understanding the council's dynamics - categories that move beyond the tired "progressive" and "conservative" labels. As we approach the fiftieth anniversary of the calling of the council, this work reveals in a new way the spirit of Vatican II. A reliable, even-handed introduction to the council, the book is a critical resource for understanding the Catholic church today, including the pontificate of Benedict XVI."--BOOK JACKET. |
| 611 20 - PUNTO DE ACCESO ADICIONAL DE MATERIA--NOMBRE DE REUNIÓN/CONGRESO |
| Nombre de congreso/reunión o jurisdicción como elemento de entrada |
Vatican Council |
| Número del congreso/reunión o número de parte o sección |
(2nd : |
| Fecha del congreso o de la firma del tratado |
1962-1965) |
| 611 20 - PUNTO DE ACCESO ADICIONAL DE MATERIA--NOMBRE DE REUNIÓN/CONGRESO |
| Nombre de congreso/reunión o jurisdicción como elemento de entrada |
Vatican Council |
| Número del congreso/reunión o número de parte o sección |
(2nd : |
| Fecha del congreso o de la firma del tratado |
1962-1965 : |
| Sede del congreso/Lugar de la reunión |
Basilica di San Pietro in Vaticano) |
| 611 24 - PUNTO DE ACCESO ADICIONAL DE MATERIA--NOMBRE DE REUNIÓN/CONGRESO |
| Nombre de congreso/reunión o jurisdicción como elemento de entrada |
Concilio Vaticano |
| Número del congreso/reunión o número de parte o sección |
(II |
| Fecha del congreso o de la firma del tratado |
(1962-1965). |
| 610 24 - PUNTO DE ACCESO ADICIONAL DE MATERIA--NOMBRE DE ENTIDAD CORPORATIVA |
| Nombre de entidad corporativa o nombre de jurisdicción como elemento de entrada |
Iglesia Católica |
| Subdivisión general |
Historia. |
| 650 #4 - PUNTO DE ACCESO ADICIONAL DE MATERIA--TÉRMINO DE MATERIA |
| Término de materia o nombre geográfico como elemento de entrada |
Concilios y sínodos. |
| 938 ## - |
| -- |
Baker & Taylor |
| -- |
BKTY |
| -- |
29.95 |
| -- |
22.46 |
| -- |
0674031695 |
| -- |
0007732256 |
| -- |
active |
| 938 ## - |
| -- |
YBP Library Services |
| -- |
YANK |
| -- |
2812519 |
| 938 ## - |
| -- |
Baker and Taylor |
| -- |
BTCP |
| -- |
2008016924 |
| 938 ## - |
| -- |
Blackwell Book Service |
| -- |
BBUS |
| -- |
R1734000 |
| -- |
$29.95 |
| 938 ## - |
| -- |
Coutts Information Services |
| -- |
COUT |
| -- |
8209368 |
| 942 ## - ELEMENTOS DE ENTRADA SECUNDARIOS (KOHA) |
| Fuente del sistema de clasificación o colocación |
Clasificación de Library of Congress |
| Tipo de ítem Koha |
|
| 946 ## - PROCESAMIENTO DE INFORMACIÓN LOCAL (OCLC) |
| a |
mm |
| 994 ## - |
| -- |
C0 |
| -- |
DRFGD |